[Event "2BLS 1920 TSV Schönaich - SV Worms 1878"]
[Site "?"]
[Date "2019.11.24"]
[Round "4.2"]
[White "Plenca, Jadranko"]
[Black "Karsay, Pascal"]
[Result "1-0"]
[WhiteElo "2458"]
[BlackElo "2289"]
[PlyCount "63"]
[EventDate "2019.??.??"]

1. e4 e5 2. Nf3 Nc6 3. Bb5 a6 4. Ba4 Nf6 5. d3 Bc5 6. Nc3 b5 7. Bb3 d6 8. Nd5
h6 9. c3 Rb8 10. Be3 Bxe3 11. Nxe3 Ne7 12. Nh4 Be6 13. O-O d5 14. Qf3 Qd6 15.
exd5 Nfxd5 16. Nhf5 Nxf5 17. Nxf5 Bxf5 18. Qxf5 O-O 19. d4 Rbe8 20. Rfe1 f6 21.
Bc2 Nf4 22. Qh7+ Kf7 23. Bb3+ Nd5 24. Bc2 Nf4 25. g3 Nh3+ 26. Kf1 Ng5 27. Bb3+
Ne6 28. dxe5 fxe5 29. Rad1 Qc6 30. Rxe5 Re7 31. Qf5+ Ke8 32. Qg6+ 1-0

[Event "2BLS 1920 TSV Schönaich - SV Worms 1878"]
[Site "?"]
[Date "2019.11.24"]
[Round "4.3"]
[White "Helbig, Daniel"]
[Black "Saric, Ante"]
[Result "0-1"]
[WhiteElo "2240"]
[BlackElo "2553"]
[PlyCount "84"]
[EventDate "2019.??.??"]

1. e4 c5 2. Nc3 g6 3. f4 Bg7 4. Nf3 d6 5. Bb5+ Bd7 6. Bc4 Nc6 7. O-O Na5 8. Be2
Nf6 9. d3 Nc6 10. Qe1 Nd4 11. Bd1 Bc6 12. a4 O-O 13. Qh4 e6 14. Nxd4 cxd4 15.
Ne2 Nd7 16. Qf2 e5 17. f5 d5 18. Ng3 dxe4 19. Nxe4 Bxe4 20. dxe4 Rc8 21. Ra3
Rc6 22. b4 Qc7 23. Rh3 Rc3 24. Bf3 Rxc2 25. Qh4 h5 26. Bg5 f6 27. Bd1 fxg5 28.
Qxg5 Rf6 29. Bxc2 Qxc2 30. Rc1 Qxe4 31. fxg6 Rxg6 32. Qd2 Nf6 33. Qa2+ Kh7 34.
Rf1 d3 35. b5 Qd4+ 36. Kh1 d2 37. Rd1 Ne4 38. Rxh5+ Rh6 39. Rxh6+ Kxh6 40. Qe6+
Bf6 41. Qh3+ Kg7 42. Qg4+ Bg5 0-1

[Event "2BLS 1920 TSV Schönaich - SV Worms 1878"]
[Site "?"]
[Date "2019.11.24"]
[Round "4.4"]
[White "Menezes, Christoph"]
[Black "Feldmann, Johannes"]
[Result "1/2-1/2"]
[WhiteElo "2393"]
[BlackElo "2200"]
[PlyCount "61"]
[EventDate "2019.??.??"]

1. Nf3 Nf6 2. c4 e6 3. Nc3 d5 4. e3 Bd6 5. b3 O-O 6. Bb2 b6 7. Qc2 Bb7 8. cxd5
exd5 9. Nb5 c5 10. Nxd6 Qxd6 11. d4 Nbd7 12. Be2 Ne4 13. O-O Rae8 14. Rfd1 f5
15. g3 Re7 16. Rac1 Ndf6 17. Ba3 Ng4 18. dxc5 Qh6 19. c6 Nexf2 20. Bf1 Rxe3 21.
Nh4 f4 22. cxb7 fxg3 23. h3 g2 24. Qc8 Nxh3+ 25. Kxg2 Rg3+ 26. Kxg3 Qf4+ 27.
Kxh3 Nf2+ 28. Kg2 Qe4+ 29. Kg3 Qf4+ 30. Kg2 Qe4+ 31. Kg3 1/2-1/2

[Event "2BLS 1920 TSV Schönaich - SV Worms 1878"]
[Site "?"]
[Date "2019.11.24"]
[Round "4.5"]
[White "Ollenberger, Roland"]
[Black "Ratkovic, Miloje"]
[Result "0-1"]
[WhiteElo "2257"]
[BlackElo "2447"]
[PlyCount "82"]
[EventDate "2019.??.??"]

1. e4 c6 2. Nc3 d5 3. Nf3 dxe4 4. Nxe4 Nf6 5. Nxf6+ exf6 6. d4 Bd6 7. Be3 O-O
8. Bd3 Re8 9. Qd2 Be6 10. c4 Na6 11. O-O Bg4 12. Ne1 Qd7 13. Nc2 Nc7 14. Rfe1
Bf5 15. Re2 Rad8 16. Rae1 Bxd3 17. Qxd3 Ne6 18. g3 Bf8 19. Kg2 g6 20. Rd1 f5
21. d5 cxd5 22. cxd5 f4 23. Bxa7 fxg3 24. fxg3 Qa4 25. Bb6 Rxd5 26. Qxd5 Nf4+
27. gxf4 Rxe2+ 28. Kg3 Qxc2 29. b3 Rxh2 30. Bg1 Rh5 31. Rd2 Qb1 32. Qg2 Be7 33.
Bd4 Qe1+ 34. Kf3 Qe6 35. Bc5 f6 36. Bd4 Bd6 37. Re2 Qd5+ 38. Ke3 Bxf4+ 39. Kd3
Qb5+ 40. Ke4 Qf5+ 41. Kf3 Bd2+ 0-1

[Event "2BLS 1920 TSV Schönaich - SV Worms 1878"]
[Site "?"]
[Date "2019.11.24"]
[Round "4.6"]
[White "Ratkovic, Milovan"]
[Black "Martin, Mike"]
[Result "1-0"]
[WhiteElo "2441"]
[BlackElo "2156"]
[PlyCount "69"]
[EventDate "2019.??.??"]

1. d4 Nf6 2. c4 e5 3. dxe5 Ng4 4. Nf3 Bc5 5. e3 Nc6 6. Be2 Ngxe5 7. Nc3 O-O 8.
b3 d6 9. Bb2 a5 10. O-O Nxf3+ 11. Bxf3 f5 12. Na4 Ba7 13. c5 Ne5 14. Qd5+ Nf7
15. c6 bxc6 16. Qxc6 Rb8 17. Qc3 Ne5 18. Bd5+ Kh8 19. Qxa5 Bb6 20. Nxb6 Rxb6
21. Rfd1 Qh4 22. Bxe5 dxe5 23. Qc5 Rbf6 24. Rac1 f4 25. exf4 Qxf4 26. Rc2 Bg4
27. Re1 Rd6 28. g3 Qf5 29. Be4 Qh5 30. Qxc7 Rh6 31. h4 Bd1 32. Rd2 Bf3 33. Bxf3
Qxf3 34. Re3 Qg4 35. Rd8 1-0

[Event "2BLS 1920 TSV Schönaich - SV Worms 1878"]
[Site "?"]
[Date "2019.11.24"]
[Round "4.7"]
[White "Musiolik, David"]
[Black "Wenninger, Philipp"]
[Result "1/2-1/2"]
[WhiteElo "2131"]
[BlackElo "2363"]
[PlyCount "42"]
[EventDate "2019.??.??"]

1. Nf3 d5 2. g3 Nf6 3. Bg2 c6 4. O-O Bg4 5. c4 e6 6. cxd5 exd5 7. Qb3 Qb6 8.
Qc2 Be7 9. Nc3 O-O 10. d3 Nbd7 11. e4 dxe4 12. dxe4 Rfe8 13. h3 Bxf3 14. Bxf3
Qc7 15. Nd5 Nxd5 16. exd5 Ne5 17. Bg2 Rac8 18. Be3 Bd6 19. Qa4 a6 20. Rfd1 c5
21. Rac1 Qd7 {(=)} 1/2-1/2

[Event "2BLS 1920 TSV Schönaich - SV Worms 1878"]
[Site "?"]
[Date "2019.11.24"]
[Round "4.8"]
[White "Lorscheid, Gerhard"]
[Black "Dausch, Rene"]
[Result "1-0"]
[WhiteElo "2254"]
[BlackElo "2227"]
[PlyCount "85"]
[EventDate "2019.??.??"]

1. d4 Nf6 2. Nf3 c5 3. c3 e6 4. Bf4 Nc6 5. e3 d5 6. Nbd2 Bd6 7. Bg3 Bxg3 8.
hxg3 Qd6 9. Bb5 Bd7 10. Qe2 a6 11. Bd3 e5 12. dxc5 Qxc5 13. e4 O-O 14. exd5
Qxd5 15. Ne4 Ng4 16. Rxh7 Bf5 17. Rh5 g6 18. Rh4 Kg7 19. Nfd2 Rh8 20. Bc4 Qd7
21. O-O-O Rxh4 22. gxh4 b5 23. Nb3 Qe7 24. Bd5 Rc8 25. f3 Nf6 26. Nxf6 Qxf6 27.
g4 Be6 28. Bxe6 Qxe6 29. Kb1 Qf6 30. Qe4 a5 31. g5 Qf4 32. Qxf4 exf4 33. Nd4
Ne5 34. Re1 Nd3 35. Rd1 Ne5 36. Kc2 Nc4 37. Re1 b4 38. Re4 bxc3 39. bxc3 Ne3+
40. Kd3 Nd5 41. Ne2 Rd8 42. Rd4 f5 43. Kd2 1-0

[Event "2BLS 1920 Stuttgarter SF - SF Neuberg"]
[Site "?"]
[Date "2019.11.24"]
[Round "4.1"]
[White "Lubbe, Nikolas"]
[Black "Schitco, Ivan"]
[Result "1-0"]
[WhiteElo "2450"]
[BlackElo "2484"]
[PlyCount "93"]
[EventDate "2019.??.??"]

1. c4 e5 2. g3 Nf6 3. Bg2 Nc6 4. Nc3 Bc5 5. a3 a6 6. e3 d6 7. Nge2 Ba7 8. Nd5
O-O 9. O-O Bf5 10. d4 exd4 11. exd4 Bg4 12. f3 Be6 13. Ne3 Bd7 14. Qd3 Ne7 15.
Rf2 Re8 16. Bd2 Qc8 17. Re1 b5 18. b3 bxc4 19. bxc4 Rb8 20. g4 Ng6 21. g5 Nh5
22. f4 Nh4 23. Be4 g6 24. Ng3 f5 25. Bd5+ Kf8 26. Nxh5 gxh5 27. Qe2 c6 28. Qxh5
cxd5 29. c5 Be6 30. Qxh7 Rb7 31. Qh8+ Kf7 32. Qh7+ Kf8 33. Qh8+ Kf7 34. Qxh4
Rh8 35. g6+ Kg7 36. Qg5 dxc5 37. Nxf5+ Bxf5 38. Re7+ Rxe7 39. Qxe7+ Kh6 40.
Qg5+ Kg7 41. Qe7+ Kh6 42. g7 Re8 43. Qxa7 c4 44. Rg2 c3 45. Qf7 Qe6 46. Qf8 Kh7
47. g8=Q+ 1-0

[Event "2BLS 1920 Stuttgarter SF - SF Neuberg"]
[Site "?"]
[Date "2019.11.24"]
[Round "4.2"]
[White "Macovei, Andrei"]
[Black "Lubbe, Melanie"]
[Result "1/2-1/2"]
[WhiteElo "2439"]
[BlackElo "2259"]
[PlyCount "50"]
[EventDate "2019.??.??"]

1. e4 c5 2. Nf3 d6 3. d4 cxd4 4. Qxd4 Nc6 5. Qe3 g6 6. c4 Bg7 7. Nc3 Bg4 8. Be2
Rc8 9. O-O Bxf3 10. Bxf3 Nd4 11. Bd1 Rxc4 12. Bb3 Rc8 13. Qd3 Nxb3 14. axb3 a6
15. Be3 Rc6 16. b4 Nf6 17. b5 axb5 18. Qxb5 O-O 19. Qxb7 Rc7 20. Qa6 Qb8 21.
Qe2 Rb7 22. Ra2 Rb3 23. Bd4 Qb7 24. Ra7 Qb4 25. Ra4 Qb7 1/2-1/2

[Event "2BLS 1920 Stuttgarter SF - SF Neuberg"]
[Site "?"]
[Date "2019.11.24"]
[Round "4.3"]
[White "Wahedi, Ahmad Siar"]
[Black "Kvetny, Mark"]
[Result "1/2-1/2"]
[WhiteElo "2269"]
[BlackElo "2420"]
[PlyCount "117"]
[EventDate "2019.??.??"]

1. Nf3 b6 2. e4 Bb7 3. Nc3 Nf6 4. e5 Ne4 5. Nxe4 Bxe4 6. Bc4 e6 7. O-O Be7 8.
Re1 Bg6 9. d4 d6 10. exd6 cxd6 11. a4 O-O 12. a5 bxa5 13. Bd2 d5 14. Bxa5 Qd6
15. Bf1 Bh5 16. Bc3 Nc6 17. Ra6 Qc7 18. Rxc6 Qxc6 19. Ne5 Bxd1 20. Nxc6 Bxc2
21. Nxe7+ Kh8 22. Nc6 Ba4 23. Na5 Rfb8 24. Ra1 Bb5 25. Bxb5 Rxb5 26. Nc6 a6 27.
f4 Kg8 28. Nb4 a5 29. Ra4 Rc8 30. Nd3 f6 31. Kf2 Rc4 32. Ra1 a4 33. Ke3 Kf7 34.
g4 h6 35. h4 Kg6 36. h5+ Kf7 37. g5 hxg5 38. fxg5 e5 39. h6 Rb8 40. hxg7 exd4+
41. Bxd4 Re8+ 42. Kd2 Rxd4 43. gxf6 Kxf6 44. Rg1 Rg8 45. b3 axb3 46. Rb1 Rxd3+
47. Kxd3 Rxg7 48. Kd4 Ke6 49. Rxb3 Rg4+ 50. Kc5 Rc4+ 51. Kb5 Rc8 52. Rh3 Ke5
53. Rh5+ Ke4 54. Rh4+ Kd3 55. Rh3+ Kd4 56. Rh4+ Kd3 57. Rh3+ Kc2 58. Rh2+ Kc3
59. Rh3+ 1/2-1/2

[Event "2BLS 1920 Stuttgarter SF - SF Neuberg"]
[Site "?"]
[Date "2019.11.24"]
[Round "4.4"]
[White "Neyman, Igor"]
[Black "Kuenstler, Christian"]
[Result "1/2-1/2"]
[WhiteElo "2347"]
[BlackElo "2276"]
[PlyCount "28"]
[EventDate "2019.??.??"]

1. d4 Nf6 2. c4 e6 3. Nc3 Bb4 4. e3 O-O 5. Bd2 c5 6. a3 Bxc3 7. Bxc3 Ne4 8. Qc2
Nxc3 9. Qxc3 cxd4 10. Qxd4 Nc6 11. Qc3 b6 12. Nf3 Bb7 13. Be2 Rc8 14. b4 Qe7 {
(=)} 1/2-1/2

[Event "2BLS 1920 Stuttgarter SF - SF Neuberg"]
[Site "?"]
[Date "2019.11.24"]
[Round "4.5"]
[White "Schaffer, Hendrik"]
[Black "Strunski, Andreas"]
[Result "1/2-1/2"]
[WhiteElo "2270"]
[BlackElo "2328"]
[PlyCount "49"]
[EventDate "2019.??.??"]

1. d4 d5 2. c4 c6 3. Nf3 Nf6 4. e3 Bg4 5. h3 Bxf3 6. Qxf3 e6 7. Nc3 Nbd7 8. Bd3
Bd6 9. O-O O-O 10. Qe2 Re8 11. Bd2 Qe7 12. c5 Bc7 13. f4 b6 14. b4 a5 15. a3
axb4 16. axb4 bxc5 17. bxc5 Reb8 18. Rxa8 Rxa8 19. Rb1 Qd8 20. Be1 Rb8 21. Qa2
Rxb1 22. Nxb1 Qc8 23. Qa4 Qb7 24. Na3 Nb8 25. Kf1 {(=)} 1/2-1/2

[Event "2BLS 1920 Stuttgarter SF - SF Neuberg"]
[Site "?"]
[Date "2019.11.24"]
[Round "4.6"]
[White "Vyval, Volodymyr"]
[Black "Lutz, Klaus-Juergen"]
[Result "1-0"]
[WhiteElo "2193"]
[BlackElo "2236"]
[PlyCount "101"]
[EventDate "2019.??.??"]

1. e4 c5 2. Nf3 d6 3. d4 cxd4 4. Nxd4 Nf6 5. Nc3 g6 6. f3 Bg7 7. Be3 O-O 8. Qd2
Nc6 9. O-O-O d5 10. Kb1 Nxd4 11. e5 Nf5 12. exf6 Bxf6 13. Nxd5 Qxd5 14. Qxd5
Nxe3 15. Qd2 Nxd1 16. Qxd1 Be6 17. h4 Rfd8 18. Bd3 Rd4 19. h5 Rb4 20. b3 g5 21.
Re1 Rb6 22. Qe2 h6 23. Qe4 Bg7 24. f4 gxf4 25. Qxf4 Rd6 26. g4 Rad8 27. g5 Rd4
28. Qe3 Bf5 29. gxh6 Bf6 30. Qg1+ Rg4 31. Qe3 Rgd4 32. Rd1 a5 33. Qf3 Bxd3 34.
Rxd3 b5 35. Rxd4 Rxd4 36. c3 Rd8 37. Qf5 Rb8 38. Kc2 Rb6 39. Qc8+ Kh7 40. Qf8
b4 41. Qxf7+ Kh8 42. c4 Rb8 43. Kd3 a4 44. bxa4 b3 45. axb3 Rxb3+ 46. Ke4 Rb1
47. h7 Rb8 48. h6 Ra8 49. a5 Rc8 50. a6 Rd8 51. Qg8+ 1-0

[Event "2BLS 1920 Stuttgarter SF - SF Neuberg"]
[Site "?"]
[Date "2019.11.24"]
[Round "4.7"]
[White "Bethke, Richard"]
[Black "Beyer, Christian"]
[Result "1-0"]
[WhiteElo "2333"]
[BlackElo "2272"]
[PlyCount "79"]
[EventDate "2019.??.??"]

1. e4 Nc6 2. Nf3 d6 3. d4 Bg4 4. c3 Nf6 5. Bd3 e5 6. d5 Nb8 7. Nbd2 c6 8. dxc6
Nxc6 9. O-O Be7 10. Re1 O-O 11. Nf1 Re8 12. Bg5 Nh5 13. Bxe7 Qxe7 14. Ne3 Be6
15. Nd5 Qd8 16. Bb5 a6 17. Ba4 b5 18. Bb3 Na5 19. Nxe5 Nxb3 20. Nc6 Qd7 21.
axb3 Qxc6 22. Qxh5 a5 23. Qg5 h6 24. Ne7+ Rxe7 25. Qxe7 Re8 26. Qh4 Bxb3 27.
Rxa5 f5 28. Ra7 fxe4 29. Re7 Rxe7 30. Qxe7 Bd5 31. h4 Qc5 32. Ra1 Qc8 33. Qxd6
Qf5 34. Rd1 Be6 35. g3 Kh7 36. Qf4 Qg6 37. Rd6 e3 38. Qxe3 Qb1+ 39. Kh2 Bc8 40.
Qd3+ 1-0

[Event "2BLS 1920 Stuttgarter SF - SF Neuberg"]
[Site "?"]
[Date "2019.11.24"]
[Round "4.8"]
[White "Fritsch, Rolf"]
[Black "Koller, Jens"]
[Result "1/2-1/2"]
[WhiteElo "2167"]
[BlackElo "2166"]
[PlyCount "97"]
[EventDate "2019.??.??"]

1. d4 Nf6 2. Nf3 g6 3. c3 Bg7 4. Bg5 d6 5. Nbd2 h6 6. Bh4 g5 7. Bg3 Bf5 8. e3
Nbd7 9. Be2 O-O 10. h4 g4 11. Nh2 h5 12. f3 gxf3 13. Bxf3 Bg6 14. O-O c5 15. a4
Qc7 16. a5 Rab8 17. Re1 b5 18. axb6 Nxb6 19. Ra5 e5 20. dxe5 dxe5 21. Qa1 Nc8
22. Nc4 Ne4 23. Bxe4 Bxe4 24. Nf3 f6 25. Nfd2 Bd5 26. e4 Be6 27. Bf2 Qf7 28.
Rxc5 Rd8 29. Qa6 Nb6 30. b3 Nxc4 31. Nxc4 Rxb3 32. Na5 Rb2 33. Re2 Rb1+ 34. Re1
Rdd1 35. Rxd1 Rxd1+ 36. Kh2 Rd7 37. Rc6 Bg4 38. Be3 f5 39. Nc4 f4 40. Bf2 Kh7
41. Qb5 Qe7 42. Qc5 Qxc5 43. Rxc5 Rd3 44. Nxe5 Bxe5 45. Rxe5 Rxc3 46. Bxa7 Rc2
47. Kg1 Rc4 48. Kh2 Rc2 49. Kg1 1/2-1/2

[Event "2BLS 1920 SV 1920 Hofheim - SC Eppingen"]
[Site "?"]
[Date "2019.11.24"]
[Round "4.1"]
[White "Noe, Christopher"]
[Black "Bernadskiy, Vitaliy"]
[Result "0-1"]
[WhiteElo "2533"]
[BlackElo "2571"]
[PlyCount "74"]
[EventDate "2019.??.??"]

1. d4 e6 2. c4 b6 3. Nc3 Bb7 4. a3 Nf6 5. d5 Bd6 6. Nf3 O-O 7. e4 exd5 8. exd5
Na6 9. Be2 c6 10. O-O cxd5 11. cxd5 Nc7 12. Bc4 Rc8 13. Qd3 h6 14. Rd1 Re8 15.
h3 b5 16. Bb3 Na6 17. Be3 Nc5 18. Bxc5 Rxc5 19. Nxb5 Ba6 20. Bc4 Bxb5 21. Bxb5
Qb6 22. a4 Rxd5 23. Qc2 Rc5 24. Qd3 Ne4 25. Re1 Rxb5 26. Rxe4 Rxe4 27. axb5 Re6
28. Kf1 Qc5 29. Re1 Bc7 30. Qxd7 Bb6 31. Qd2 Qxb5+ 32. Re2 g6 33. Ne1 Bd4 34.
Nd3 Ra6 35. Re4 Bxb2 36. Qxb2 Qxd3+ 37. Re2 Re6 0-1

[Event "2BLS 1920 SV 1920 Hofheim - SC Eppingen"]
[Site "?"]
[Date "2019.11.24"]
[Round "4.2"]
[White "Sumets, Andrey"]
[Black "Mesaros, Florian"]
[Result "1-0"]
[WhiteElo "2570"]
[BlackElo "2397"]
[PlyCount "113"]
[EventDate "2019.??.??"]

1. d4 Nf6 2. c4 e6 3. Nf3 d5 4. g3 Bb4+ 5. Bd2 Be7 6. Bg2 O-O 7. O-O Nbd7 8.
Qc2 c6 9. a4 a5 10. Rc1 Ne4 11. Be1 f5 12. e3 g5 13. Nc3 Bd6 14. Na2 g4 15. Nd2
Ng5 16. b4 axb4 17. Rcb1 Nf6 18. Nxb4 Nfe4 19. Nd3 h5 20. Nf4 Rf6 21. Nxh5 Rh6
22. Nf4 Qe7 23. Nf1 Qg7 24. cxd5 exd5 25. Qd1 b6 26. Rxb6 Bc7 27. Rb2 Ba6 28.
Rc1 Qh7 29. Rbc2 Bxf1 30. Kxf1 Rxh2 31. Rxc6 Bxf4 32. Rc8+ Rxc8 33. Rxc8+ Kg7
34. exf4 Ne6 35. Qd3 Rxg2 36. Kxg2 Qh3+ 37. Kg1 N6g5 38. fxg5 Nxg5 39. Rc7+ Kg8
40. Rc8+ Kg7 41. Rc7+ Kg8 42. f4 Nf3+ 43. Kf2 Qh2+ 44. Ke3 Nxe1 45. Qc3 Ng2+
46. Kd3 Qxg3+ 47. Kc2 Qxf4 48. Rc8+ Kf7 49. Qc7+ Qxc7+ 50. Rxc7+ Ke6 51. Kd2 g3
52. a5 Kd6 53. Rg7 f4 54. a6 Ne3 55. a7 Nc4+ 56. Ke2 Nb6 57. Rg6+ 1-0

[Event "2BLS 1920 SV 1920 Hofheim - SC Eppingen"]
[Site "?"]
[Date "2019.11.24"]
[Round "4.3"]
[White "Medvegy, Zoltan"]
[Black "Ginsburg, Gennadi"]
[Result "1-0"]
[WhiteElo "2529"]
[BlackElo "2411"]
[PlyCount "103"]
[EventDate "2019.??.??"]

1. Nf3 d5 2. c4 e6 3. g3 c5 4. cxd5 exd5 5. d4 Nc6 6. Bg2 Nf6 7. O-O Be7 8.
dxc5 Bxc5 9. a3 O-O 10. b4 Bb6 11. Nc3 h6 12. Bb2 Re8 13. Re1 Bxf2+ 14. Kxf2
Ng4+ 15. Kg1 Qb6+ 16. Nd4 Nxd4 17. e3 Rxe3 18. Rxe3 Nxe3 19. Na4 Nxd1 20. Nxb6
Ne2+ 21. Kf1 Nxb2 22. Nxa8 Nc3 23. Nc7 d4 24. Nd5 Bh3 25. Nxc3 Bxg2+ 26. Kxg2
dxc3 27. Rc1 Na4 28. Kf3 Kf8 29. Ke4 Ke7 30. Kd5 a6 31. Kc4 b5+ 32. Kd5 Kd7 33.
g4 Nb6+ 34. Kd4 Na4 35. Kd5 Nb6+ 36. Kd4 Na4 37. Ke5 Ke7 38. h4 Kd7 39. Kd5
Nb6+ 40. Kd4 Na4 41. Ke5 Ke7 42. Kd5 Kd7 43. Rf1 f6 44. h5 Nb2 45. Rc1 Na4 46.
Kd4 Ke6 47. Re1+ Kf7 48. Kd5 Nb2 49. Rc1 Nc4 50. Rxc3 Ne5 51. Rc7+ Kg8 52. Ra7
1-0

[Event "2BLS 1920 SV 1920 Hofheim - SC Eppingen"]
[Site "?"]
[Date "2019.11.24"]
[Round "4.4"]
[White "Womacka, Mathias"]
[Black "Guliyev, Namig"]
[Result "0-1"]
[WhiteElo "2433"]
[BlackElo "2550"]
[PlyCount "82"]
[EventDate "2019.??.??"]

1. e4 c5 2. Nf3 d6 3. d4 cxd4 4. Nxd4 Nf6 5. Nc3 a6 6. Be2 e6 7. O-O Qc7 8. f4
b5 9. Bf3 Bb7 10. e5 dxe5 11. fxe5 Nfd7 12. Bxb7 Qxb7 13. Qh5 g6 14. Qh3 Bc5
15. Be3 O-O 16. Rf4 Nc6 17. Nxc6 Qxc6 18. Ne4 Bxe3+ 19. Qxe3 Qb6 20. Nf6+ Kg7
21. Rd4 Nxf6 22. exf6+ Kh8 23. c3 Rad8 24. Kh1 Rxd4 25. cxd4 Rd8 26. Qh6 Rg8
27. Qf4 g5 28. Qe5 Qc6 29. Re1 h6 30. h3 Kh7 31. Qe3 Qd5 32. Qd3+ Kh8 33. Re5
Qxa2 34. d5 Qxb2 35. Qe4 Qc1+ 36. Kh2 exd5 37. Rxd5 Qf4+ 38. Qxf4 gxf4 39. Rd7
Rb8 40. Rxf7 b4 41. Re7 Kg8 0-1

[Event "2BLS 1920 SV 1920 Hofheim - SC Eppingen"]
[Site "?"]
[Date "2019.11.24"]
[Round "4.5"]
[White "Juhasz, Armin"]
[Black "Gurevich, Vladimir"]
[Result "1/2-1/2"]
[WhiteElo "2395"]
[BlackElo "2469"]
[PlyCount "34"]
[EventDate "2019.??.??"]

1. Nf3 c5 2. c4 Nf6 3. Nc3 e6 4. g3 b6 5. Bg2 Bb7 6. O-O Be7 7. d4 cxd4 8. Qxd4
d6 9. Bg5 a6 10. Bxf6 Bxf6 11. Qf4 O-O 12. Rfd1 Be7 13. Ne4 Bxe4 14. Qxe4 Ra7
15. Nd4 Rc7 16. b3 Re8 17. Rd2 Bf8 1/2-1/2

[Event "2BLS 1920 SV 1920 Hofheim - SC Eppingen"]
[Site "?"]
[Date "2019.11.24"]
[Round "4.6"]
[White "Lobzhanidze, Davit"]
[Black "Hacker, Jonas"]
[Result "0-1"]
[WhiteElo "2418"]
[BlackElo "2373"]
[PlyCount "138"]
[EventDate "2019.??.??"]

1. e4 e5 2. Nf3 Nc6 3. Bc4 Nf6 4. d3 Bc5 5. c3 a6 6. O-O d6 7. Bb3 h6 8. Re1
Ba7 9. Nbd2 g5 10. Nf1 g4 11. N3d2 h5 12. Nc4 h4 13. Be3 Bd7 14. Bxa7 Nxa7 15.
d4 Qe7 16. Qc2 O-O-O 17. dxe5 dxe5 18. Nce3 Nh5 19. g3 Nf6 20. Nd5 Qd6 21. Nxf6
Qxf6 22. Qe2 Rh6 23. Rad1 Nc6 24. Rd2 Rg8 25. Red1 Be6 26. Bxe6+ Qxe6 27. b4
Ne7 28. Qd3 Kb8 29. Qe3 Rhh8 30. a4 Nc8 31. Qe2 Qb3 32. b5 a5 33. c4 Nb6 34. c5
Nxa4 35. Rc1 b6 36. cxb6 Nxb6 37. Rdc2 Rc8 38. Qxg4 Qxb5 39. Rc5 Qb4 40. Rxe5
hxg3 41. Nxg3 a4 42. Rec5 Qd2 43. R1c2 Qh6 44. Rh5 Qd6 45. Rxh8 Rxh8 46. h4
Rxh4 47. Qg8+ Kb7 48. Kg2 Qd7 49. Qg7 Rg4 50. Qf8 Rg6 51. Rc3 Rf6 52. Nf5 Rg6+
53. Ng3 Qe6 54. Re3 Rf6 55. Qb4 Qe5 56. Rc3 Qd6 57. Qb2 Qe7 58. Re3 Rc6 59. Rf3
f6 60. Re3 Rc4 61. Kf1 Qe5 62. Qa3 Qc5 63. Qxc5 Rxc5 64. Ne2 Nc4 65. Rd3 a3 66.
Nc3 Kc6 67. Ke2 Ne5 68. Rh3 a2 69. Nxa2 Rc2+ 0-1

[Event "2BLS 1920 SV 1920 Hofheim - SC Eppingen"]
[Site "?"]
[Date "2019.11.24"]
[Round "4.7"]
[White "Bilchinski, Anton"]
[Black "Zude, Arno"]
[Result "1/2-1/2"]
[WhiteElo "2236"]
[BlackElo "2368"]
[PlyCount "25"]
[EventDate "2019.??.??"]

1. d4 d5 2. c4 e6 3. Nf3 Nf6 4. Nc3 Be7 5. Bg5 Nbd7 6. e3 h6 7. Bh4 O-O 8. Bd3
c5 9. cxd5 Nxd5 10. Bxe7 Nxe7 11. O-O cxd4 12. Nxd4 Nf6 13. Be2 1/2-1/2

[Event "2BLS 1920 SV 1920 Hofheim - SC Eppingen"]
[Site "?"]
[Date "2019.11.24"]
[Round "4.8"]
[White "Weber, Ulrich"]
[Black "Mann, Christian"]
[Result "0-1"]
[WhiteElo "2356"]
[BlackElo "2390"]
[PlyCount "136"]
[EventDate "2019.??.??"]

1. Nf3 d5 2. g3 Nc6 3. d4 Bf5 4. Bg2 e6 5. O-O h6 6. c4 Nb4 7. Nc3 Nc2 8. e4
dxe4 9. Qxc2 exf3 10. Qa4+ Qd7 11. Qxd7+ Kxd7 12. Bxf3 Bd3 13. Be2 Bxe2 14.
Nxe2 Nf6 15. b3 Bd6 16. Bb2 h5 17. h3 Rhe8 18. Rad1 c6 19. Nc1 Rad8 20. Nd3 Kc8
21. Kg2 Ne4 22. Rfe1 f5 23. Re2 g5 24. Rde1 Rf8 25. g4 hxg4 26. hxg4 Rh8 27.
Rh1 Rxh1 28. Kxh1 Rh8+ 29. Kg1 Rh4 30. f3 Rh1+ 31. Kxh1 Ng3+ 32. Kg2 Nxe2 33.
Kf1 Nf4 34. Nf2 Kd7 35. Bc1 Ke7 36. Bxf4 Bxf4 37. Ke2 Kf6 38. Nd3 e5 39. dxe5+
Bxe5 40. Ke3 Bh2 41. Kd2 Be5 42. a4 Bd4 43. Kc2 a5 44. Kd2 Ke6 45. Ke2 Kf6 46.
gxf5 Kxf5 47. b4 axb4 48. Nxb4 Bc5 49. Nd3 Bd4 50. Nc1 Kf4 51. Nd3+ Kf5 52. Kd2
Ke6 53. Kc2 Kd6 54. Kb3 Ke6 55. Kb4 Kd6 56. Nc1 Bf2 57. Kc3 Be3 58. Nb3 Ke5 59.
Kd3 Bb6 60. c5 Bd8 61. Kc4 Kf4 62. Nd4 Bf6 63. Nxc6 Kxf3 64. Nb4 g4 65. a5 g3
66. Nd3 Bg5 67. Kd4 Ke2 68. a6 g2 0-1

[Event "2BLS 1920 SC Heusenstamm - SV 1947 Wall"]
[Site "?"]
[Date "2019.11.24"]
[Round "4.1"]
[White "Gschnitzer, Adrian"]
[Black "Krejci, Jan"]
[Result "1-0"]
[WhiteElo "2422"]
[BlackElo "2578"]
[PlyCount "119"]
[EventDate "2019.??.??"]

1. e4 e5 2. Nc3 Nf6 3. g3 d5 4. exd5 Nxd5 5. Bg2 Nxc3 6. bxc3 Bd6 7. Nf3 O-O 8.
O-O Nc6 9. d4 Bg4 10. h3 Bxf3 11. Bxf3 Qf6 12. Rb1 Rab8 13. Be3 Na5 14. Kg2 b6
15. Qd3 Rfe8 16. Rbe1 h6 17. Be4 c5 18. dxc5 Bxc5 19. Bxc5 bxc5 20. Rb1 Qe6 21.
Rxb8 Rxb8 22. Rb1 Rf8 23. Rb5 Nc6 24. Rxc5 Ne7 25. Ra5 f5 26. Bd5 Nxd5 27. Qxd5
Qxd5+ 28. Rxd5 Rc8 29. Rxe5 Rxc3 30. Ra5 Rxc2 31. Rxa7 Rc3 32. h4 h5 33. Ra5 g6
34. Ra7 Kf8 35. a4 Ra3 36. a5 Kg8 37. a6 Kf8 38. Kf1 Ra2 39. Ke1 Ke8 40. f4 Kd8
41. Ra8+ Kc7 42. a7 Kb7 43. Rg8 Rxa7 44. Rxg6 Ra5 45. Rh6 Kc7 46. Kf2 Kd7 47.
Kg2 Ke7 48. Rxh5 Kf6 49. Rg5 Ra8 50. h5 Ra1 51. Rg6+ Kf7 52. Rb6 Kg7 53. h6+
Kf7 54. h7 Kg7 55. Rh6 Kh8 56. Rh5 Ra5 57. Kh3 Rb5 58. Kh4 Ra5 59. g4 Ra7 60.
Rxf5 1-0

[Event "2BLS 1920 SC Heusenstamm - SV 1947 Wall"]
[Site "?"]
[Date "2019.11.24"]
[Round "4.2"]
[White "Sadzikowski, Daniel"]
[Black "Gschnitzer, Oswald"]
[Result "1/2-1/2"]
[WhiteElo "2508"]
[BlackElo "2359"]
[PlyCount "81"]
[EventDate "2019.??.??"]

1. e4 c5 2. Nf3 Nc6 3. Bb5 d6 4. O-O Bd7 5. Re1 Nf6 6. c3 a6 7. Bf1 Bg4 8. d4
Bxf3 9. gxf3 g6 10. d5 Nb8 11. c4 Bg7 12. Nc3 O-O 13. f4 Nbd7 14. a4 Ne8 15.
Ra3 Nc7 16. Bh3 Rb8 17. Rb3 Re8 18. e5 dxe5 19. f5 b5 20. Ne4 bxc4 21. Rxb8
Nxb8 22. d6 exd6 23. Nxd6 Rf8 24. Bg2 Qd7 25. fxg6 hxg6 26. Nxc4 Qe6 27. Na5
Nd7 28. f4 Nb6 29. fxe5 Ncd5 30. Nc4 Nf4 31. Bxf4 Qxc4 32. Re4 Qa2 33. b3 c4
34. bxc4 Nxa4 35. Re2 Qxc4 36. Re4 Nc3 37. Rxc4 Nxd1 38. Bf1 g5 39. Bxg5 Bxe5
40. Be7 Re8 41. Rg4+ 1/2-1/2

[Event "2BLS 1920 SC Heusenstamm - SV 1947 Wall"]
[Site "?"]
[Date "2019.11.24"]
[Round "4.3"]
[White "Vonthron, Horst"]
[Black "Polak, Tomas"]
[Result "1/2-1/2"]
[WhiteElo "2343"]
[BlackElo "2551"]
[PlyCount "65"]
[EventDate "2019.??.??"]

1. Nf3 Nf6 2. d4 b6 3. g3 Bb7 4. Bg2 c5 5. dxc5 bxc5 6. O-O g6 7. b3 Bg7 8. Bb2
O-O 9. c4 d6 10. Nc3 Nbd7 11. Qc2 Qb6 12. Rab1 Bc6 13. e4 Qb7 14. Nd5 Rfe8 15.
Bc3 e6 16. Nxf6+ Bxf6 17. Nd2 Bd4 18. Bxd4 cxd4 19. b4 Qc7 20. Qd3 e5 21. Bh3
Nb6 22. f4 f6 23. fxe5 fxe5 24. Nf3 Qe7 25. c5 dxc5 26. bxc5 Na4 27. Qc4+ Kg7
28. Qa6 Qxc5 29. Ng5 Kh6 30. Nf7+ Kg7 31. Ng5 Kh6 32. Nf7+ Kg7 33. Ng5 1/2-1/2

[Event "2BLS 1920 SC Heusenstamm - SV 1947 Wall"]
[Site "?"]
[Date "2019.11.24"]
[Round "4.4"]
[White "Wieczorek, Oskar"]
[Black "Faerber, David"]
[Result "1/2-1/2"]
[WhiteElo "2489"]
[BlackElo "2322"]
[PlyCount "37"]
[EventDate "2019.??.??"]

1. Nf3 d5 2. c4 c6 3. d4 Nf6 4. Nc3 dxc4 5. a4 Bf5 6. Ne5 Na6 7. e3 Nb4 8. Bxc4
e6 9. O-O Be7 10. Qe2 h6 11. e4 Bh7 12. Rd1 O-O 13. f3 Nd7 14. Ng4 Nf6 15. Ne5
Nd7 16. Be3 Qc7 17. Ng4 Nf6 18. Ne5 Nd7 19. Ng4 1/2-1/2